[Event "Mitropa Cup 19th"]
[Site "Baden"]
[Date "1999.04.07"]
[Round "6"]
[White "Benitah, Yohan"]
[Black "Cvek, Robert"]
[Result "0-1"]
[WhiteElo "2341"]
[BlackElo "2442"]
[Annotator "Wells,P"]
[PlyCount "80"]
[EventDate "1999.04.??"]
[EventType "team-tourn"]
[EventRounds "9"]
[EventCountry "SUI"]
[Source "ChessBase"]
[SourceDate "1999.08.01"]

1. d4 Nf6 2. c4 e6 3. Nc3 Bb4 4. e3 b6 5. Nge2 Ba6 6. Ng3 $5 {The critical
test in my view. The more positional try is} (6. a3 Bxc3+ (6... Be7 $5) 7. Nxc3
d5 {Gutov - Yemelin, Russia Cup ( Geller Memorial ) 1999. (CBM 70).}) 6... O-O
(6... Bxc3+ 7. bxc3 d5 8. Ba3 $1 {[%csl Re8][%cal Ga3f8] This is the testing
move.} (8. cxd5 Bxf1 9. Kxf1 Qxd5 $1 {[%cal Yc7c5,Yb8c6,Yb8d7,Ya8c8] gives
black flexible play against white's centre pawns}) 8... Bxc4 9. Bxc4 dxc4 10.
O-O (10. e4 $5 Qd7 {[%cal Yd7b5,Yb8d7] Originally Hort's idea.} 11. O-O Qb5 12.
Qc2 $5 {[%cal Yf1b1,Yf2f3,Yg3f1] followed by a quiet build-up. If white avoids
pushing the f and e-pawns too far, black lacks obvious counter-play.}) ({The
ending arising from} 10. Qa4+ Qd7 11. Qxc4 Qc6 12. Qxc6+ Nxc6 13. c4 O-O-O 14.
Rc1 {is not too dangerous, but also hardly an attractive aspect for black of a
line which is basically combative and ambitious.}) 10... Qd7 11. Rb1 h5 12. h4
Qc6 13. e4 Nbd7 (13... Nxe4 14. d5 $1 Qxd5 15. Qa4+ c6 16. Nxe4 Qxe4 17. Rxb6
$16 {[%csl Re8][%cal Ya3e7,Yb6b7] Psakhis, is unsurprisingly too risky.}) 14.
d5 $1 Qb7 15. dxe6 fxe6 16. Qa4 O-O-O 17. Qxc4 $16 {1-0 Lautier,J-Nikolic,P/
Hoogovens Wijk aan Zee 1997/CBM 57 (31)}) 7. e4 (7. Bd3 c5 $5 (7... d5 $11))
7... d5 (7... Nc6 8. Bd3 (8. Bg5 $5 {Is perhaps the most promising.} h6 9. h4
hxg5 $2 10. hxg5 g6 11. e5 Nh7 12. Qg4 Kg7 13. Nh5+ $1 gxh5 14. Qxh5 Rh8 15.
Qh6+ Kg8 16. Bd3 d6 17. Bxh7+ Rxh7 18. Qxh7+ Kf8 19. g6 Qe8 20. Qh4 {[%cal
Yh4f6] 1-0 Vaisser,A-Dautov,R/Baden-Baden Hofmann Cup 1995/EXT 95/[Wells] (20)}
) 8... e5 9. d5 (9. O-O $2 Nxd4 $1 (9... exd4 10. Nd5 $36) 10. Qa4 Bxc3 11.
bxc3 Ne6 {[%csl Gc5][%cal Ye6c5]} 12. Ba3 Bb7 $1 13. Bxf8 $15 {Lombard -
Korchnoi, Switzerland 1978.}) 9... Bxc3+ 10. bxc3 Ne7 $1 {Many games have
shown that this knight is needed on the king-side. Black does not need to take
the c4 pawn immediately - he can still create play with ...c7-c6.} 11. h4 d6
12. h5 h6 13. Be3 Nd7 14. Qd2 Qc8 (14... Nc5 $5 $132) 15. Bxh6 gxh6 16. Qxh6
Nc5 17. Be2 Qd8 18. Nf5 Nxf5 19. exf5 Ne4 20. Rh3 f6 21. Qg6+ {1/2-1/2
Khalifman,A-Yemelin,V/St. Petersburg 1998/CBM 67 (21)}) 8. e5 $6 (8. cxd5 {is
the theoretically approved recipe, and as far as I can see, with good reason.}
Bxf1 (8... Bxc3+ 9. bxc3 Bxf1 10. Kxf1 exd5 11. e5 $1 (11. Bg5 $14 {Euwe} dxe4
12. Nxe4 Nbd7 13. Nxf6+ (13. Qf3 $4 Nxe4 $19) 13... Nxf6 14. Qf3 Qd5 $11 {Wells
} 15. Bxf6 (15. Qxd5 Nxd5 16. c4 Nb4 $1 {[%csl Ra2,Yb4,Rd4][%cal Yb4c2,Yb4a2]}
17. Be7 Nc2 18. Bxf8 Nxa1 $132) 15... Qxf3 16. gxf3 gxf6 $11) 11... Ne4 12. Qd3
$5 (12. Qg4 Qd7 13. Nf5 g6 14. Nh6+ Kg7 15. Qh4 Qd8 16. Qh3 f5 17. exf6+ Nxf6
18. Bg5 Qd7 19. Bxf6+ Rxf6 {1/2-1/2 Psakhis,L-Panchenko,A/Sochi 1987/TD 87\01 
(19)}) (12. f3 $5) 12... f5 13. Ne2 $5 {[%csl Re4]} Ng5 14. Bxg5 Qxg5 15. g3
Qe7 16. Nf4 c6 17. Kg2 $14 {1-0 Laurenc,P-Majer,J/corr 1992/ (36)}) 9. Kxf1
exd5 10. e5 Ne8 11. Qg4 (11. Qb3 Bxc3 12. bxc3 c5 13. Ba3 Na6 14. Kg1 Nec7 15.
Re1 f6 $132 {1-0 Rogers,I-Brynell,S/Malmo 1993/Inf 58 (30)}) (11. Qg4 Kh8 12.
h4 (12. Nge2 f6 13. a3 Be7 14. Nf4 Nc6 15. Qh5 Nxd4 16. Ng6+ Kg8 17. Nxf8 Bxf8
18. exf6 Nxf6 19. Qd1 c5 $44 20. Bg5 {1-0 Vaisser,A-Wilde,P/Berlin op 1988/TD
88\08 (35) with some, but not clearly sufficient compensation.}) 12... c5 13.
Rh3 Nc6 14. Be3 cxd4 15. Bxd4 Nc7 16. Rd1 Ne6 17. a3 Be7 18. Nf5 Rc8 19. Rhd3
g6 20. Nxe7 Nxe7 21. Be3 Rc4 22. Qxc4 dxc4 23. Rxd8 Rxd8 24. Rxd8+ Nxd8 25. Bg5
$14 {1-0 Berg,K-Brynell,S/Malmo 1988/CBM 11 (51).})) 8... Ne4 9. Ngxe4 dxe4 10.
Qa4 $6 (10. a3 Bxc3+ 11. bxc3 Nc6 12. h4 f6 13. Qc2 Na5 14. Qxe4 f5 15. Qf4
Bxc4 16. Rh3 $15 {1/2-1/2 Kjeldsen,J-Brynell,S/Skaenninge 1998/CBM 65 (49)}
Bxf1 17. Kxf1 c5 $132) (10. Be3 $5) 10... c5 $1 11. dxc5 Bxc3+ 12. bxc3 Qc7 {
[%csl Rc3,Rc4,Rc5,Re5]} 13. Bf4 (13. Be3) 13... Qxc5 14. Be2 Qc6 $1 ({If} 14...
Rc8 {then} 15. Rd1 $1 {and black still has to play either ...Qc6 or Bb7 in
order to complete his development.}) 15. Qb4 Qc7 $5 {[%cal Gb8c6,Gc6a5]} (15...
Nd7 16. Rd1 {[%csl Yd6][%cal Gd1d6] is less clear-cut, since white will plant
his rook on d6, and black's knight will be encouraged to c5. A fine square for
sure, but one that blocks operations against white's sick c-pawns.For direct
attack, the knight needs the c6-a5 route.}) 16. Qd6 (16. Rd1 Nc6 17. Qd6 Rac8
$17 {[%csl Rc4][%cal Yc6a5]}) 16... Qxd6 ({I think I would have been tempted
by the simple} 16... Rc8 $5 17. Qxc7 Rxc7 18. Rd1 Nc6 $17) 17. exd6 Nd7 $17 {
Of course now that black has decided to exchange on d6, blockade is the first
priority.} 18. c5 {White does not want to wait for his opponent to gang up on
the c-file and simply capture on c4. Unfortunately though, any misplacement of
black's knight which white can claim as a result of this 'pre-emptive strike'
is slight indeed!} Nxc5 $1 (18... Bxe2 19. c6 $1 Bb5 20. cxd7 Bxd7 {and the
opposite bishops would certainly improve white's defensive chances.}) 19. Bxa6
Nxa6 20. Ke2 Nc5 21. Rhd1 Nd7 {Blockade comfortably resumed!} 22. Ke3 f5 23.
Bg5 Rfc8 24. Rac1 Rc4 $1 {[%csl Rc3]} 25. Rd4 Rac8 26. Rxc4 Rxc4 27. f3 exf3
28. gxf3 e5 $19 {[%cal Yg8f7,Yf7e6] White has little more resistance to offer.}
29. Kd3 Ra4 30. Rc2 Kf7 31. Kd2 Ke6 32. Be7 Nc5 33. Ke2 g6 34. Rd2 Ra5 35. Kf2
Nd7 36. Kg3 Rc5 37. Rd3 Rc4 38. Kh3 Nc5 39. Re3 Nb7 40. Rd3 Rc6 {A second pawn
falls.} 0-1

[Event "Mitropa Cup 19th"]
[Site "Baden"]
[Date "1999.04.07"]
[Round "6"]
[White "Brunner, Lucas"]
[Black "Bellini, Fabio"]
[Result "1-0"]
[WhiteElo "2492"]
[BlackElo "2418"]
[Annotator "Baburin"]
[PlyCount "109"]
[EventDate "1999.04.??"]
[EventType "team-tourn"]
[EventRounds "9"]
[EventCountry "SUI"]
[Source "ChessBase"]
[SourceDate "1999.08.01"]

1. d4 d5 2. c4 e6 3. Nf3 Nf6 4. Nc3 Nbd7 5. cxd5 exd5 6. Bf4 c6 7. Qc2 Be7 8.
h3 O-O 9. e3 Re8 10. Bd3 Nf8 11. O-O-O {White often get's this position a
tempo less - when plays Bc1-g5-f4. However, this position is very common too.}
Be6 12. g4 Qa5 (12... N6d7 $5 {Something like this what played against me in
1997 by Ziatdinov and I think that this is a good idea - Black prevents Ng5,
while the d7-knight may be shifting towards the queenside.}) 13. Ng5 c5 14.
dxc5 Rac8 15. Be5 Rxc5 16. Bd4 Rcc8 17. Kb1 h6 18. Nxe6 Nxe6 19. Bf5 Ne4 $36
20. Bxe6 fxe6 21. Qe2 Nxc3+ 22. Bxc3 Rxc3 $5 {This sacrifice is very promising
and Black's loss in the game was due to mistakes he committed later.} 23. bxc3
Bf6 24. Qc2 Rc8 25. Rd3 b5 (25... Bxc3 $5 26. Qb3 Rc6 27. Rc1 Rb6 28. Rdxc3
Rxb3+ 29. Rxb3 b5) 26. Qb3 Rc4 27. Kc2 b4 28. Rb1 Bxc3 (28... bxc3) 29. Kd1 Qc7
(29... Qa6 30. Ke2 Qc6) 30. Qa4 Kh7 31. Ke2 Rc6 32. Kf1 Rb6 33. Rbd1 Qh2 34.
Ke2 Qxh3 35. Rg1 e5 $2 36. Rxd5 e4 37. Rg3 Qh1 38. Rd1 $18 Qh4 39. Qe8 Rg6 40.
Qxe4 Qf6 41. g5 Qe6 42. Qxe6 Rxe6 43. g6+ Rxg6 44. Rxg6 Kxg6 45. Rd6+ Kf5 46.
Ra6 h5 47. Kf3 g5 48. Ra5+ Be5 49. e4+ Ke6 50. Rxa7 g4+ 51. Ke3 h4 52. Rb7 Bd6
53. Rg7 g3 54. Rg6+ Ke7 55. fxg3 1-0

[Event "Mitropa Cup 19th"]
[Site "Baden"]
[Date "1999.04.07"]
[Round "6"]
[White "Konopka, Michal"]
[Black "Boyd, Stephen"]
[Result "0-1"]
[WhiteElo "2480"]
[BlackElo "2370"]
[PlyCount "78"]
[EventDate "1999.04.??"]
[EventType "team-tourn"]
[EventRounds "9"]
[EventCountry "SUI"]
[Source "ChessBase"]
[SourceDate "1999.08.01"]

1. Nf3 g6 2. d4 Bg7 3. g3 Nf6 4. Bg2 O-O 5. c4 d6 6. O-O Nbd7 7. Nc3 e5 8. h3
a6 9. b3 Re8 10. e4 b5 11. cxb5 axb5 12. Re1 b4 13. Na4 Bb7 14. d5 c5 15. Nd2
Ba6 16. Bf1 Bxf1 17. Kxf1 Rf8 18. Nc4 Ne8 19. Kg2 f5 20. f3 f4 21. g4 Bf6 22.
Rh1 Bh4 23. a3 bxa3 24. Rxa3 h5 25. Bd2 Ndf6 26. Qa1 Nd7 27. Nc3 Rxa3 28. Qxa3
Qg5 29. Kf1 Bg3 30. Ke2 Qh4 31. gxh5 gxh5 32. Nb5 Bf2 33. Qa7 Ndf6 34. Nbxd6
Nxd6 35. Nxd6 Bd4 36. Be1 Qg5 37. Bf2 Bxf2 38. Nf5 Bd4 39. Kd3 c4+ 0-1

[Event "Mitropa Cup 19th"]
[Site "Baden"]
[Date "1999.04.07"]
[Round "6"]
[White "Kozul, Zdenko"]
[Black "Huebner, Robert"]
[Result "1/2-1/2"]
[WhiteElo "2585"]
[BlackElo "2585"]
[Annotator "Ftacnik,L"]
[PlyCount "109"]
[EventDate "1999.04.??"]
[EventType "team-tourn"]
[EventRounds "9"]
[EventCountry "SUI"]
[Source "ChessBase"]
[SourceDate "1999.08.01"]

1. d4 Nf6 2. c4 c6 3. Nc3 d5 4. e3 g6 5. Nf3 Bg7 6. cxd5 cxd5 7. Bb5+ Bd7 8.
Qb3 Bxb5 9. Qxb5+ Qd7 10. Ne5 Qxb5 11. Nxb5 Na6 12. b3 Ne4 (12... Nd7) 13. Ba3
(13. Nd3 Kd7 14. f3 Nd6 15. Nc3 Nc7 16. a4 b6 17. Ba3 Nf5 18. Kd2 Rhc8 19. Rac1
h5 20. Rhf1 Bh6 21. Ne5+ Ke8 22. f4 f6 23. Nf3 e6 24. g3 Bf8 25. Bxf8 Kxf8 26.
e4 {1/2-1/2 Klebel,M-Schlindwein,R/BL2-S/1995/ (26)}) 13... Bxe5 (13... f6 14.
Nd3 Kd7 15. Rc1 (15. f3 Ng5 (15... Kc6 16. fxe4 dxe4 17. Nf4 Kxb5 18. Bxe7 Rhe8
19. a4+ Kc6 20. Ba3 Bf8 21. Rc1+ Kd7 22. Bxf8 Rxf8 23. g4 Rac8 24. Kd2 {1-0
Klebel,M-Roeder,F/Augsburg/1991/ (50)}) 16. Rc1 e6 17. Kd2 Bf8 18. Bxf8 Rhxf8
19. Rc2 Rfc8 20. Rxc8 Kxc8 21. Rc1+ Kd8 22. Nd6 Kd7 23. Nxb7 Nf7 24. Nbc5+ {
1-0 Kozul,Z-Simic,R/Cetinje/1990/ (32)}) 15... Rhc8 16. Ke2 Rc6 17. f3 Rb6 18.
Nc7 Nxc7 19. fxe4 dxe4 20. Nc5+ Ke8 21. Nxe4 Nd5 {1/2-1/2 Kurajica,B-Djuric,S/
JUG-ch/1984/ (29)}) 14. dxe5 Kd7 15. f3 (15. Ke2 Rhc8 16. Rac1 Nc7 17. Nxc7
Rxc7 18. Rxc7+ Kxc7 19. f3 Nc3+ 20. Kd3 Nb5 21. Bxe7 Re8 22. Bf6 Kd7 23. Rc1
Nc7 24. g3 Re6 25. e4 {1-0 Dizdar,G-Atlas,D/Austria/1995/ (45)}) 15... Nec5 16.
Rd1 Kc6 {The whole line with king marching towards the center so early in the
game is a bit dubious. One of the main problems is the poor location of the
knight a6.} (16... Rhd8 17. Rxd5+ Kc6 18. Rxd8 Rxd8 19. Nd4+ Kd5 20. f4 Ke4 21.
Ke2 $16) 17. Nc3 (17. Nd4+ Kb6 18. b4 Na4 19. Kd2 Rhc8 20. Rc1 Nc7 $11) 17...
Nc7 (17... e6 $2 18. b4 $18) 18. Ke2 (18. e4 $5 Rhd8 (18... dxe4 19. Nxe4 (19.
Bxc5 Kxc5 20. Nxe4+ Kc6 $11) 19... Nxe4 20. fxe4 Rae8 21. Rf1 $16) 19. b4 d4
20. Nd5 N5e6 21. b5+ Kxb5 22. Nxc7+ Nxc7 23. Bxe7 $14) 18... b6 19. b4 N5e6 20.
b5+ Nxb5 21. Nxb5 Kxb5 22. Rxd5+ $6 {Wrong decision that will enable black to
build a solid line of defense with the knight jumping to c5 square at a
suitable moment.} (22. Bxe7 $1 Kc6 23. Rd2 Rhe8 24. Bd6 Nc5 25. Rhd1 $16) 22...
Kc6 (22... Nc5 23. Bxc5 bxc5 24. Rc1 Rac8 25. Rd7 $16) 23. Rhd1 Rhe8 24. f4 a5
25. Rd7 Nc5 26. Bxc5 bxc5 27. a4 (27. g4 Rab8 28. R1d2 c4 $13) 27... Rab8 28.
g4 Rb2+ 29. Kf3 Rb7 (29... Rxh2 30. Ra7 Rb2 (30... Kb6 31. Rdd7 h5 32. gxh5
gxh5 33. Ke4 Rb8 (33... h4 34. Rdb7+ Kc6 35. Rc7+ Kb6 36. Rab7+ Ka6 37. Kd5 $18
) 34. Rxe7 $16) 31. Rdd7 $11) 30. R7d5 (30. Rxb7 $5 Kxb7 31. Ke4 Kc6 32. e6
fxe6 33. Rb1 $14) 30... Rb4 31. e6 fxe6 (31... Rxa4 32. exf7 Rf8 33. Re5 Rxf7
34. Rc1 c4 35. Ke4 $36) (31... f6 $5 32. e4 Rxa4 33. Rc1 c4 34. Ke3 Rc8 35. Kd4
Kb6 36. Rd7 (36. Rc3 Ra1 $17) 36... c3+ 37. Kd3 Ra3 38. Rc2 Rc7 39. Rd8 $17)
32. Re5 Rxa4 33. Rxe6+ Kb5 {Huebner understands, that his days are numbered in
the center and on the kingside. His only chance is the counterplay with a ad c
pawn.} (33... Kc7 34. f5 $132) 34. Rd7 Ra1 (34... Ra2 $5 35. f5 $1 (35. Rb7+
Kc4 36. Re4+ Kd5 (36... Kc3 37. Rc7 $11) 37. Rd7+ Kc6 38. Rexe7 Rxe7 39. Rxe7
Rxh2 40. Ke4 a4 $17) 35... gxf5 36. gxf5 Rxh2 37. f6 Rf8 38. Rdxe7 $13) 35.
Rb7+ Kc4 36. Rc7 Kb5 (36... a4 37. Re5 $11) 37. Rb7+ (37. Re5 Rc1 38. Rexe7
Rxe7 39. Rxe7 a4 40. Rxh7 a3 41. Ra7 Kb4 42. Ke4 Kb3 $13) 37... Kc4 38. Re5 Rc8
(38... a4 39. Rc7 $11) 39. f5 gxf5 40. gxf5 a4 41. Rexe7 a3 42. Ra7 Kd3 {It is
a rare picture of many marching pawns in the endgame with four rooks on the
board.} (42... a2 43. Ke4 (43. Ra4+ Kb3 44. Rea7 c4) 43... Rg8 44. f6 $11) 43.
Red7+ Kc2 44. Ke2 c4 (44... a2 45. Rd2+ Kb3 46. Rd3+ $11) 45. f6 Rc6 46. f7 Rf6
47. Rd4 Raf1 $1 (47... Ra2 $2 48. Rf4 Kb3+ 49. Kf3 $18) 48. Rxc4+ (48. Rxa3 $2
R6f2#) 48... Kb3 49. Rca4 {The symmetry is complete, bith sides are stopping
the pawns with concentrated battery of both rooks.} (49. Rcc7 $5 a2 50. Rab7+
Ka4 51. Rc4+ Ka5 52. Ra7+ Kb5 53. Rca4 Rxf7 54. Rxa2 $14) 49... a2 (49... Rxf7
50. Rxa3+ Kc4 $14) 50. Ra3+ (50. Rxa2 $2 R6f2+ 51. Kd3 Rxa2 $19) 50... Kc4 51.
R7a4+ (51. Rxa2 $2 R6f2#) 51... Kd5 52. Rxa2 R6f2+ 53. Kd3 Rd1+ 54. Kc3 Rc1+
55. Kd3 (55. Kb4 Rb1+ 56. Ka3 Rxf7 57. Rd2+ Ke5 $14) 1/2-1/2

[Event "Mitropa Cup 19th"]
[Site "Baden"]
[Date "1999.04.07"]
[Round "6"]
[White "Naumann, Alexander"]
[Black "Cvitan, Ognjen"]
[Result "1/2-1/2"]
[WhiteElo "2480"]
[BlackElo "2521"]
[PlyCount "24"]
[EventDate "1999.04.??"]
[EventType "team-tourn"]
[EventRounds "9"]
[EventCountry "SUI"]
[Source "ChessBase"]
[SourceDate "1999.08.01"]

1. Nf3 Nf6 2. c4 b6 3. g3 c5 4. Bg2 Bb7 5. Nc3 g6 6. O-O Bg7 7. b3 d5 8. cxd5
Nxd5 9. Bb2 O-O 10. Qc1 Nc6 11. Nxd5 Qxd5 12. Bxg7 Kxg7 1/2-1/2

[Event "Mitropa Cup 19th"]
[Site "Baden"]
[Date "1999.04.07"]
[Round "6"]
[White "Neubauer, Martin"]
[Black "Tratar, Marko"]
[Result "1/2-1/2"]
[WhiteElo "2304"]
[BlackElo "2450"]
[PlyCount "43"]
[EventDate "1999.04.??"]
[EventType "team-tourn"]
[EventRounds "9"]
[EventCountry "SUI"]
[Source "ChessBase"]
[SourceDate "1999.08.01"]

1. e4 c5 2. Nf3 d6 3. d4 Nf6 4. Nc3 cxd4 5. Nxd4 a6 6. Bc4 e6 7. Bb3 b5 8. O-O
b4 9. Na4 Bb7 10. Re1 Nbd7 11. c3 bxc3 12. Nxc3 Nc5 13. Bc2 Be7 14. b4 Ncd7 15.
Bb3 Rc8 16. Bb2 Qb6 17. a3 O-O 18. Kh1 Rfd8 19. f3 Bf8 20. Qd2 Qa7 21. Rac1 Qb8
22. Qe3 1/2-1/2

[Event "Mitropa Cup 19th"]
[Site "Baden"]
[Date "1999.04.07"]
[Round "6"]
[White "Olivier, Jean Christophe"]
[Black "Polak, Tomas"]
[Result "1/2-1/2"]
[WhiteElo "2421"]
[BlackElo "2488"]
[Annotator "Ftacnik,L"]
[PlyCount "52"]
[EventDate "1999.04.??"]
[EventType "team-tourn"]
[EventRounds "9"]
[EventCountry "SUI"]
[Source "ChessBase"]
[SourceDate "1999.08.01"]

1. e4 c5 2. Nf3 d6 3. d4 cxd4 4. Nxd4 Nf6 5. Nc3 a6 6. Bc4 e6 7. Bb3 b5 8. O-O
Be7 9. Qf3 Qc7 10. Qg3 O-O 11. Bh6 Ne8 12. Rad1 Bd7 13. f4 Nc6 14. Nxc6 Bxc6
15. f5 Kh8 16. Be3 (16. f6 $2 gxh6 (16... Bxf6 17. Rxf6 b4 18. Nd5 exd5 19.
Bxg7+ Nxg7 20. Qxd6 Qxd6 21. Rxd6 Bb5 22. exd5 Nf5 {0-1 Manker,B-Golmon,S/
CompuServe theme email 1994/ (39)}) 17. fxe7 Qxe7 $17) (16. Bg5 $5) 16... b4
17. Na4 (17. Ne2 $6 e5 $1 (17... Bxe4 18. fxe6 fxe6 19. Nd4 $16) 18. c3 a5 19.
cxb4 axb4 20. Rc1 Qb7 $17) 17... Nf6 (17... Rb8 $6 18. fxe6 fxe6 19. Rxf8+ Bxf8
20. Rf1 Qe7 $8 (20... Nf6 21. Nc5 $1 Nxe4 22. Nxe4 Bxe4 23. Qf4 $18) 21. e5
Bxa4 22. Bg5 Qa7+ 23. Be3 Qe7 24. Bxa4 d5 25. Bg5 {1-0 Sokolov,A-Gelfand,B/
Odessa/1989/ (64)}) (17... e5 18. c3 $14) 18. fxe6 Nxe4 19. Qg4 fxe6 20. Qxe6
Bf6 21. Nb6 {The whole line is an exercise in the art of counterplay, black
solves the problem of the e6 pawn defense with the activity against e4 pawn.} (
21. Qc4 Qb7 22. Nb6 Rae8 23. Qxb4 Bxb2 24. Bd5 Rxf1+ 25. Rxf1 Bf6 26. Qc4 Nd2
27. Bxc6 Nxc4 28. Bxb7 Nxe3 {1/2-1/2 Damaso,R-Arnason,J/Novi Sad/1990/ (61)})
21... Rae8 22. Nd5 (22. Qc4 Qb7 23. Qxb4 Bxb2) 22... Qd8 (22... Rxe6 23. Nxc7
Re7 24. Nd5 Bxd5 25. Rxd5 $14) (22... Qb7 23. Qg4 Bd7 24. Qh5 Bxb2 25. Ne7 $1
Bf5 26. Nxf5 g6 27. Qg4 gxf5 28. Rxf5 $11) 23. Qg4 Bd7 24. Qe2 Be5 (24... Bxb2
25. Qxa6 $11) 25. Rxf8+ Rxf8 26. Rf1 (26. Qxa6 $2 Qh4 $19) 26... a5 {There is
still lot of life in this position, even though objectively it seems quite
equal.} (26... Bb5 27. Rxf8+ Qxf8 28. Bc4 Bxb2 29. Bxb5 axb5 30. Qxb5 $11) (
26... a5 27. Rxf8+ Qxf8 28. Qa6 (28. c3 bxc3 29. Bc2 Nf6 30. Nxc3 Qb8 $15)
28... Qe8 29. Qxa5 Bxh2+ 30. Kxh2 Qh5+ 31. Kg1 Qd1+ $11) 1/2-1/2

[Event "Mitropa Cup 19th"]
[Site "Baden"]
[Date "1999.04.07"]
[Round "6"]
[White "Oral, Tomas"]
[Black "Bergez, Luc"]
[Result "1-0"]
[WhiteElo "2521"]
[BlackElo "2378"]
[PlyCount "59"]
[EventDate "1999.04.??"]
[EventType "team-tourn"]
[EventRounds "9"]
[EventCountry "SUI"]
[Source "ChessBase"]
[SourceDate "1999.08.01"]

1. e4 e6 2. d4 d5 3. Nd2 Nf6 4. e5 Nfd7 5. Bd3 c5 6. c3 Nc6 7. Ne2 cxd4 8. cxd4
f6 9. exf6 Nxf6 10. Nf3 Bd6 11. O-O O-O 12. Bf4 Bxf4 13. Nxf4 Ng4 14. Nh5 e5
15. dxe5 Ngxe5 16. Nxe5 Nxe5 17. Be2 Be6 18. Qd2 d4 19. Rfd1 d3 20. Qe3 Qa5 21.
b4 Qc7 22. Bxd3 Bg4 23. Rac1 Nc6 24. Qe4 Bf5 25. Qd5+ Kh8 26. Bxf5 Rad8 27. Bd7
Qb6 28. Qc5 Qxb4 29. Qxb4 Nxb4 30. a3 1-0

[Event "Mitropa Cup 19th"]
[Site "Baden"]
[Date "1999.04.07"]
[Round "6"]
[White "Vavrak, Peter"]
[Black "Varga, Zoltan"]
[Result "0-1"]
[WhiteElo "2233"]
[BlackElo "2518"]
[Annotator "Hecht"]
[PlyCount "180"]
[EventDate "1999.04.??"]
[EventType "team-tourn"]
[EventRounds "9"]
[EventCountry "SUI"]
[Source "ChessBase"]
[SourceDate "1999.08.01"]

1. Nf3 d5 2. d4 c6 3. c4 dxc4 4. e3 b5 5. a4 e6 6. b3 Bb4+ 7. Bd2 Bxd2+ 8. Qxd2
a5 9. bxc4 b4 10. Bd3 Nd7 11. O-O c5 12. d5 Qf6 13. Ra2 e5 14. Qb2 g6 15. Nfd2
Qe7 16. f4 Ngf6 17. f5 O-O 18. Qc2 e4 19. Be2 g5 20. Nb3 Re8 21. N1d2 Nb6 22.
Qb2 Kg7 23. Bd1 Nbd7 24. Nc1 Qe5 25. Qxe5 Rxe5 26. h3 Ba6 27. Ncb3 Bb7 28. Bc2
Kf8 29. Rf2 Ke7 30. Nf1 Kd6 31. Ng3 Kc7 32. Nd2 Rae8 33. Ra1 Nb6 34. Bb3 Bc8
35. Rff1 Bd7 36. Bd1 Nc8 37. h4 gxh4 38. Nh5 Nxh5 39. Bxh5 Nd6 40. Rf4 Rg8 41.
Rxh4 Rxf5 42. Be2 Rfg5 43. Bf1 Nf5 44. Rxh7 Ng3 45. Ra2 Ne2+ 46. Kf2 Nc3 47.
Ra1 Rf5+ 48. Kg1 Rg3 49. Nb3 Kb6 50. Rh8 Bxa4 51. Nxa5 Rxe3 52. d6 Rf6 53. Rb8+
Kxa5 54. d7 Rd6 55. Ra8+ Kb6 56. d8=Q+ Rxd8 57. Rxd8 Rg3 58. Kf2 Rg6 59. Ke3
Bc6 60. Rd2 f5 61. Kf4 Rg4+ 62. Kxf5 e3 63. Rd6 Rd4 64. Rxd4 cxd4 65. Ke5 Kc5
66. Ra5+ Kb6 67. Ra1 e2 68. Kxd4 exf1=Q 69. Rxf1 Bxg2 {Pattgefahr, Taktik} 70.
Rf2 Bc6 71. Rb2 Ka5 72. Kd3 Na4 73. Rh2 (73. Rb1 $2 Be4+ $1 74. Kxe4 Nc3+ $19)
73... b3 74. Re2 Kb4 75. Re1 Bd7 76. Kd2 Bf5 77. Re5 Bd7 78. Rd5 Nc5 79. Kc1
Bc6 80. Rd2 Kc3 81. Rc2+ Kb4 82. Rh2 Be4 83. Kb2 Na4+ 84. Ka1 Bc2 85. Rh1 b2+
86. Ka2 Bb3+ 87. Kb1 Ka3 88. Rh3 Nc5 89. Rg3 Ne4 90. Rd3 Nd2+ 0-1

[Event "Mitropa Cup 19th"]
[Site "Baden"]
[Date "1999.04.07"]
[Round "6"]
[White "Weiss, Christian"]
[Black "Pavasovic, Dusko"]
[Result "0-1"]
[WhiteElo "2444"]
[BlackElo "2502"]
[PlyCount "72"]
[EventDate "1999.04.??"]
[EventType "team-tourn"]
[EventRounds "9"]
[EventCountry "SUI"]
[Source "ChessBase"]
[SourceDate "1999.08.01"]

1. e4 c5 2. Nc3 e6 3. Nf3 a6 4. d4 cxd4 5. Nxd4 b5 6. g3 Bb7 7. Bg2 b4 8. Na4
Qa5 9. b3 Nf6 10. Qe2 Nc6 11. Bb2 Nxd4 12. Bxd4 e5 13. Bb6 Qb5 14. Qe3 Rc8 15.
O-O-O Be7 16. f4 O-O 17. Rd2 Rfe8 18. fxe5 Qxe5 19. Bd4 Qa5 20. Kb1 Nxe4 21.
Bxe4 Bg5 22. Bxb7 Bxe3 23. Bxe3 Rb8 24. Bb6 Qb5 25. Bd5 Rxb6 26. Bc4 Qc6 27.
Rf1 Rbb8 28. Bxf7+ Kh8 29. Bxe8 Rxe8 30. Rfd1 h6 31. Nb2 Re7 32. Nd3 a5 33. Nf4
Kh7 34. Nd3 Re5 35. Nf4 a4 36. Rd6 Qxd6 0-1